|
|
|
|
| LEADER |
00903nam a2200253 a 4500 |
| 001 |
000474060 |
| 003 |
CZ BrMZK |
| 005 |
20180301205925.0 |
| 007 |
ta |
| 008 |
980502s1946 xr f cze d |
| 015 |
|
|
|a cnb000500453
|
| 035 |
|
|
|a (OCoLC)36620699
|
| 040 |
|
|
|a BOA001
|b cze
|
| 100 |
1 |
|
|a Konečný, Robert,
|d 1906-1981
|7 jk01061506
|4 aut
|
| 245 |
1 |
0 |
|a Má vlast :
|b (1938-1945) /
|c Robert Konečný
|
| 250 |
|
|
|a 1. vyd.
|
| 260 |
|
|
|a V Praze :
|b Melantrich,
|c 1946
|
| 300 |
|
|
|a 83, [III] s. ;
|c 8°
|
| 500 |
|
|
|a Obálku navrhl František Hudeček
|
| 500 |
|
|
|a Dostupné též v digitální podobě v aplikaci Kramerius
|
| 856 |
4 |
1 |
|u http://www.digitalniknihovna.cz/mzk/uuid/uuid:d2cba2f0-22c6-11e8-a0cf-005056827e52
|y Digitalizovaný dokument
|x NDK
|
| 910 |
|
|
|a BOA001
|b 2-0185.986
|
| 990 |
|
|
|a BK
|
| 996 |
6 |
|
|b 2619755801
|c 2-0185.986
|l MZK
|r Sklad / do 24 hodin
|n 14
|w 000474060
|u 000010
|a 1
|e BOA001
|j MZK50
|s P
|